| 000 | 00780nam a2200217Ia 4500 | ||
|---|---|---|---|
| 003 | SISC | ||
| 005 | 20181009091353.0 | ||
| 008 | 180918s9999 xx 000 0 und d | ||
| 020 | _a9781138285699 | ||
| 050 | _aLC 4705 .B527 2017 | ||
| 100 | _aBernhardt, Victoria | ||
| 245 |
_cVictoria Bernhardt and Connie Hebert _aResponse to intervention and continuous school improvement: _bhow to design, implement, monitor and evaluate a schoolwide prevention system/ |
||
| 250 | _a2nd ed. | ||
| 260 |
_aNY: _bRoutledge _c2017 |
||
| 300 |
_a131 pages : _c28 cm. |
||
| 500 | _aincludes bibliographic references and index | ||
| 650 | _aInclusive education -- United States | ||
| 650 | _aLearning disabled children -- education -- United States | ||
| 942 |
_2lcc _cBK |
||
| 999 |
_c358794 _d358794 |
||